Stimulating economic recovery through EA growth poles

Gespeichert in:
Bibliographische Detailangaben
1. Verfasser: Kotlebová, Jana, 1969-
Weitere Verfasser: Širaňová, Mária
Format: Buchkapitel
Sprache:Englisch
Schlagworte:
Tags: Tag hinzufügen
Keine Tags, Fügen Sie das erste Tag hinzu!

MARC

LEADER 00000nla a2200000 4500
001 0234308
005 20240502083624.7
041 0 |a eng 
044 |a IE 
245 1 0 |a Stimulating economic recovery through EA growth poles  |c Jana Kotlebova, Maria Siranova 
500 |a Abstrakt 
610 2 0 |a eurozóna 
610 2 0 |a únie menové 
610 2 0 |a rast hospodársky 
610 2 0 |a banky 
610 2 0 |a recesia 
100 1 |a Kotlebová, Jana, 1969- 
700 1 |a Širaňová, Mária